000 00317nam a22001457a 4500
003 OSt
005 20160727222358.0
008 160622b xxu||||| |||| 00| 0 eng d
040 _cTEST
100 _9609
_aShura, M.F
245 _aJessica
260 _aN.Y
_bScholastic Inc
_c1984
300 _aJessica
942 _2ddc
_cBK
999 _c497
_d497